Keeping under cover (Record no. 72410)
[ view plain ]
| 000 -LEADER | |
|---|---|
| fixed length control field | 00984cam a2200217 4500 |
| 001 - CONTROL NUMBER | |
| control field | ABS66532 |
| 008 - FIXED-LENGTH DATA ELEMENTS--GENERAL INFORMATION | |
| fixed length control field | 030401n2003 000 0 eng u |
| 035 ## - SYSTEM CONTROL NUMBER | |
| System control number | (Sirsi) u121852 |
| 100 ## - MAIN ENTRY--PERSONAL NAME | |
| Personal name | Jansen, M. |
| 245 ## - TITLE STATEMENT | |
| Title | Keeping under cover |
| 260 ## - PUBLICATION, DISTRIBUTION, ETC. | |
| Date of publication, distribution, etc. | 2003 |
| 490 ## - SERIES STATEMENT | |
| Series statement | Property Week |
| Volume/sequential designation | 68(7) 21 February 2003, 34(1) |
| 520 ## - SUMMARY, ETC. | |
| Summary, etc. | Professional indemnity insurance premiums for chartered surveyors have increased by up to 300%. Looks at procedures which surveying firms are putting into practice to minimise risk. Huge insurance claims resulting from natural disasters and terrorism, the lack of competition between professional indemnity insurance providers following the collapse of Independent and HIH and stock market collapses are key factors which have influenced the rise in premiums. |
| 590 ## - LOCAL NOTE (RLIN) | |
| Local note | ABS |
| 650 ## - SUBJECT ADDED ENTRY--TOPICAL TERM | |
| Topical term or geographic name entry element | PROFESSIONAL INDEMNITY INSURANCE |
| 650 ## - SUBJECT ADDED ENTRY--TOPICAL TERM | |
| Topical term or geographic name entry element | PREMIUMS |
| 650 ## - SUBJECT ADDED ENTRY--TOPICAL TERM | |
| Topical term or geographic name entry element | RISK |
| 650 ## - SUBJECT ADDED ENTRY--TOPICAL TERM | |
| Topical term or geographic name entry element | PRACTICE MANAGEMENT |
| 690 ## - LOCAL SUBJECT ADDED ENTRY--TOPICAL TERM (OCLC, RLIN) | |
| Topical term or geographic name as entry element | Insurance |
| 9 (RLIN) | 6249 |
| 942 ## - ADDED ENTRY ELEMENTS (KOHA) | |
| Suppress in OPAC | 0 |
| Withdrawn status | Lost status | Source of classification or shelving scheme | Damaged status | Not for loan | Home library | Current library | Shelving location | Date acquired | Total Checkouts | Full call number | Barcode | Date last seen | Copy number | Price effective from | Koha item type |
|---|---|---|---|---|---|---|---|---|---|---|---|---|---|---|---|
| Dewey Decimal Classification | London | London | Journal article | 01/04/2003 | ABS66532 | 121852-1001 | 06/08/2019 | 1 | 06/08/2019 | Journal article |